<?xml version="1.0" encoding="UTF-8"?>
<marc:record xmlns:marc="http://www.loc.gov/MARC21/slim">
   <marc:leader>00000nam a2200000 a 4500</marc:leader>
   <marc:datafield ind1="1" ind2=" " tag="100">
      <marc:subfield code="a">Duhamel, Josh</marc:subfield>
   </marc:datafield>
   <marc:datafield ind1="1" ind2=" " tag="100">
      <marc:subfield code="a">Bell, Kristen</marc:subfield>
   </marc:datafield>
   <marc:datafield ind1=" " ind2=" " tag="653">
      <marc:subfield code="a">Komödie</marc:subfield>
   </marc:datafield>
   <marc:datafield ind1="0" ind2="0" tag="245">
      <marc:subfield code="a">When in Rome</marc:subfield>
   </marc:datafield>
   <marc:datafield ind1="0" ind2="0" tag="245">
      <marc:subfield code="b">fünf Männer sind vier zu viel</marc:subfield>
   </marc:datafield>
   <marc:datafield ind1="0" ind2="0" tag="245">
      <marc:subfield code="c">Darsteller: Kristen Bell, Josh Duhamel, ...</marc:subfield>
   </marc:datafield>
   <marc:datafield ind1=" " ind2="1" tag="264">
      <marc:subfield code="b">Touchstone Pictures</marc:subfield>
      <marc:subfield code="c">2010</marc:subfield>
   </marc:datafield>
   <marc:datafield ind1="1" ind2=" " tag="520">
      <marc:subfield code="a">Die New Yorkerin Beth hat eigentlich der Liebe abgeschworen. Bei einem Trip zur Hochzeit ihrer Schwester nach Rom lässt sie sich hinreißen, in einem angeblich magischen Liebesbrunnen mehrere Münzen aufzuheben und mitzunehmen. Sie ahnt nicht, dass sie sich damit die unsterbliche Zuneigung der ehemaligen Besitzer aufhalst. Mit einem Mal machen ihr ein kleinwüchsiger Wurst-Großhändler, ein Straßenzauberer, ein Maler und ein selbstverliebtes Model den Hof. Als ihr auch noch der wahre Mann ihrer Träume, Nick, Avancen macht, ist sich Beth nicht sicher, ob er es wirklich ernst meint ..</marc:subfield>
   </marc:datafield>
   <marc:datafield ind1=" " ind2=" " tag="020">
      <marc:subfield code="a">B003ULY6YM</marc:subfield>
      <marc:subfield code="9">B003ULY6YM</marc:subfield>
   </marc:datafield>
   <marc:datafield ind1="0" ind2=" " tag="490">
      <marc:subfield code="v">0</marc:subfield>
   </marc:datafield>
   <marc:datafield ind1=" " ind2=" " tag="300">
      <marc:subfield code="a">1 DVD (ca. 1 h 27 min.)</marc:subfield>
   </marc:datafield>
</marc:record>
